000 00530nam a2200181 i 4500
001 21384
003 ES-MaACL
005 20230906152453.0
007 t|
008 021125s1977 sp ||||1| spa d
080 _a63(460)"19"
245 0 3 _aLa agricultura española en 1976.
260 _aMadrid :
_bMinisterio de Agricultura,
_c1977.
300 _a241 p. :
_bil. ;
_c27 cm.
650 4 _aAgricultura-
_zEspaña-
_yS.XX.
_9146547
710 1 _aEspaña.
_bMinisterio de Agricultura.
_93837
852 _aES-MaACL
_jA-8001
_bR.96761
999 _c21384
_d21384